<?xml version="1.0" encoding="UTF-8"?>
<record
    xmlns:xsi="http://www.w3.org/2001/XMLSchema-instance"
    xsi:schemaLocation="http://www.loc.gov/MARC21/slim http://www.loc.gov/standards/marcxml/schema/MARC21slim.xsd"
    xmlns="http://www.loc.gov/MARC21/slim">

  <leader>00782cam a2200265 a 4500</leader>
  <controlfield tag="001">145406</controlfield>
  <controlfield tag="003">OSt</controlfield>
  <controlfield tag="005">20180921</controlfield>
  <controlfield tag="008">0000001971                          dr     0000000000   00</controlfield>
  <datafield tag="110" ind1=" " ind2=" ">
    <subfield code="a">Rep&#xFA;blica Dominicana. Secretar&#xED;a Administrativa de la Presidencia</subfield>
  </datafield>
  <datafield tag="245" ind1=" " ind2=" ">
    <subfield code="a">Conjura debelada /</subfield>
    <subfield code="c">Conjura debelada /</subfield>
  </datafield>
  <datafield tag="260" ind1=" " ind2=" ">
    <subfield code="a">Santo Domingo :</subfield>
    <subfield code="b">Secretar&#xED;a Administrativa de la Presidencia</subfield>
  </datafield>
  <datafield tag="300" ind1=" " ind2=" ">
    <subfield code="a">24 p.</subfield>
  </datafield>
  <datafield tag="650" ind1=" " ind2=" ">
    <subfield code="a">BALAGUER, JOAQUIN, 1906-2002 - DISCURSOS</subfield>
    <subfield code="a">DISCURSOS DOMINICANOS</subfield>
  </datafield>
  <datafield tag="040" ind1=" " ind2=" ">
    <subfield code="a">DLC</subfield>
    <subfield code="c">DLC</subfield>
  </datafield>
  <datafield tag="942" ind1=" " ind2=" ">
    <subfield code="2">ddc</subfield>
    <subfield code="c">BK</subfield>
  </datafield>
  <datafield tag="999" ind1=" " ind2=" ">
    <subfield code="c">145406</subfield>
    <subfield code="d">14540600</subfield>
  </datafield>
  <datafield tag="952" ind1=" " ind2=" ">
    <subfield code="0">0</subfield>
    <subfield code="1">0</subfield>
    <subfield code="2">ddc</subfield>
    <subfield code="4">0</subfield>
    <subfield code="7">0</subfield>
    <subfield code="a">1</subfield>
    <subfield code="b">1</subfield>
    <subfield code="d">2018-08-17</subfield>
    <subfield code="o">RD 865.44 R426c 1971</subfield>
    <subfield code="y">BK</subfield>
  </datafield>
</record>
